000
00282nam a2200133Ia 4500
100
_a
Milner/D.R
942
_c
BK
654
_a
Welding
245
_a
Introd. to welding & Brazing
260
_b
Pergamon press
_a
Oxford
_c
1969
082
_a
671.5
300
_a
222
546
_a
ENGLISH
999
_c
33814
_d
33814